[Event "Sachovy Festival 2019"]
[Site "Prague"]
[Date "2019.06.18"]
[Round "5.2"]
[White "Nguyen, Thai Dai Van"]
[Black "Timman, Jan"]
[Result "1/2-1/2"]
[WhiteElo "2286"]
[BlackElo "2561"]
[Annotator "ChessBase"]
[PlyCount "61"]
[EventDate "2019.06.17"]
[EventType "match"]
[EventCountry "CZE"]
[SourceTitle "playchess.com"]
[Source "ChessBase"]
[SourceQuality "1"]
[TimeControl "1200+10"]

1. d4 {[%emt 0:00:00]} Nf6 {[%emt 0:00:00]} 2. c4 {[%emt 0:00:00]} e6 {[%emt 0:00:00]} 3. Nf3 {[%emt 0:00:00]} b6 {[%emt 0:00:00]} 4. g3 {[%emt 0:00:00]} Ba6 {[%emt 0:00:00]} 5. Qc2 {[%emt 0:00:00]} Bb7 {[%emt 0:00:02]} 6. Bg2 {[%emt 0:00:02]} c5 {[%emt 0:00:01]} 7. d5 {[%emt 0:00:02]} exd5 {[%emt 0:00:03]} 8. cxd5 {[%emt 0:00:01]} Nxd5 {[%emt 0:00:03]} 9. O-O {[%emt 0:00:03]} Be7 {[%emt 0:00:03]} 10. Rd1 {[%emt 0:00:02]} Nc6 {[%emt 0:00:02]} 11. Qa4 {[%emt 0:00:55]} Nf6 {[%emt 0:00:15]} 12. Nh4 {[%emt 0:00:21]} O-O {[%emt 0:00:35]} 13. Nf5 {[%emt 0:00:06]} d5 {[%emt 0:00:12]} 14. Nc3 {[%emt 0:00:03]} Nd4 {[%emt 0:00:06]} 15. Nxd4 {[%emt 0:00:02]} cxd4 {[%emt 0:00:02]} 16. Qxd4 {[%emt 0:01:04]} Bc5 {[%emt 0:01:49]} 17. Qa4 {[%emt 0:03:45]} Qe8 {[%emt 0:01:18]} 18. Qxe8 {[%emt 0:00:03]} Rfxe8 {[%emt 0:00:06]} 19. e3 {[%emt 0:00:07]} Rac8 {[%emt 0:06:13]} 20. Bd2 {[%emt 0:01:41]} Bd6 {[%emt 0:01:51]} 21. Nb5 {[%emt 0:06:17]} Be5 {[%emt 0:00:40]} 22. Bc3 {[%emt 0:00:34]} Bxc3 {[%emt 0:00:18]} 23. Nxc3 {[%emt 0:00:01]} Rc5 {[%emt 0:00:01]} 24. Rd4 {[%emt 0:00:56]} Ne4 {[%emt 0:00:55]} 25. Bxe4 {[%emt 0:01:05]} dxe4 {[%emt 0:00:02]} 26. Rad1 {[%emt 0:00:04]} Kf8 {[%emt 0:01:09]} 27. Rd7 {[%emt 0:00:46]} Re7 {[%emt 0:00:08]} 28. Rd8+ {[%emt 0:00:21]} Re8 {[%emt 0:00:01]} 29. R8d7 {[%emt 0:00:49]} Re7 {[%emt 0:00:02]} 30. Rd8+ {[%emt 0:02:22]} Re8 {[%emt 0:00:02]} 31. R8d7 {[%emt 0:00:02]} 1/2-1/2

[Event "Sachovy Festival 2019"]
[Site "Prague"]
[Date "2019.06.18"]
[Round "6.1"]
[White "Ding, Liren"]
[Black "Navara, David"]
[Result "1/2-1/2"]
[WhiteElo "2779"]
[BlackElo "2684"]
[Annotator "TA"]
[PlyCount "92"]
[EventDate "2019.06.17"]
[EventType "match"]
[EventCountry "CZE"]
[SourceTitle "playchess.com"]
[Source "ChessBase"]
[SourceQuality "1"]

{[%evp 11,92,0,0,0,0,0,12,2,4,4,4,9,15,0,0,0,0,-12,0,-4,0,-20,0,0,14,16,22,20,31,0,0,0,10,0,11,8,29,28,27,21,18,31,71,71,77,86,83,75,68,50,50,50,55,50,70,67,74,68,73,78,86,26,26,26,26,0,26,0,0,0,0,0,0,0,0,0,0,0,0,0,0,0,0]} 1. d4 Nf6 2. c4 e6 3. Nf3 b6 4. g3 Ba6 5. Nbd2 d5 6. cxd5 exd5 7. Bg2 {E15: Queen's Indian: 4 g3 sidelines, 4 g3 Ba6 and 4 g3 Bb7 early deviations} Bd6 8. O-O O-O 9. Nb1 (9. Ne5 Re8 10. Ndc4 Bxc4 11. Nxc4 dxc4 12. Bxa8 c6 13. Bg5 Qc7 14. Bxf6 gxf6 {1-0 (26) Wojtaszek,R (2727)-Mamedyarov,S (2747) Huaian 2016}) 9... Re8 10. Re1 Nbd7 {[%cal Bb8d7,Bd7f6,Bf6e4][%mdl 32]} 11. Nc3 c6 $146 ({Predecessor:} 11... h6 12. Nh4 Bb7 13. Qb3 c6 14. Nf5 Bf8 15. Bf4 {½-½ (15) Cvek,R (2532)-Babula,V (2594) Austria 2008}) 12. Bg5 h6 13. Bxf6 Nxf6 14. e3 Bb7 15. Rc1 Rb8 16. Re2 Ne4 17. Rec2 Nxc3 18. Rxc3 c5 19. b3 Qf6 20. dxc5 bxc5 21. Rd3 Red8 22. Rd2 Bf8 (22... c4 $5) 23. Ne1 d4 24. exd4 cxd4 25. Bxb7 Rxb7 26. Qf3 Bb4 {[#]} 27. Qxf6 $1 gxf6 {[#]} 28. Rd3 $1 Bxe1 29. Rxe1 $16 {[%mdl 4096] Endgame KRR-KRR} a5 30. Rc1 a4 31. bxa4 Rb4 $1 32. Ra3 Ra8 33. a5 Rb5 34. a6 Rb6 35. a7 {Threatens to win with Rc7.} Rb7 36. Kf1 (36. Rc6 $16) 36... Rbxa7 $11 37. Rxa7 Rxa7 {KR-KR} 38. Rc2 Kg7 39. Ke2 Ra3 {White must now prevent ...d3+.The position is equal.} 40. Kd1 (40. Rd2 {with more complications.} Ra4 41. Kf3 f5 42. Rb2 Kf6 43. h4) 40... Kg6 41. Kc1 Kf5 42. Kb2 Ra8 43. f3 Rb8+ 44. Kc1 Ra8 45. Kb2 Rb8+ 46. Kc1 Ra8 {Accuracy: White = 64%, Black = 70%.} 1/2-1/2

[Event "Sachovy Festival 2019"]
[Site "Prague"]
[Date "2019.06.18"]
[Round "6.2"]
[White "Timman, Jan"]
[Black "Nguyen, Thai Dai Van"]
[Result "1/2-1/2"]
[WhiteElo "2561"]
[BlackElo "2286"]
[Annotator "RC"]
[PlyCount "88"]
[EventDate "2019.06.17"]
[EventType "match"]
[EventCountry "CZE"]
[SourceTitle "playchess.com"]
[Source "ChessBase"]
[SourceQuality "1"]
[TimeControl "1200+10"]

1. e4 {[%emt 0:00:00]} e5 {[%emt 0:00:00]} 2. Nf3 {[%emt 0:00:00]} Nf6 {[%emt 0:00:00]} 3. Nxe5 {[%emt 0:00:00]} d6 {[%emt 0:00:00]} 4. Nf3 {[%emt 0:00:01]} Nxe4 {[%emt 0:00:00]} 5. Qe2 {[%emt 0:00:02]} Qe7 {[%emt 0:00:00]} 6. d3 {[%emt 0:00:03]} Nf6 {[%emt 0:00:00]} 7. Bg5 {[%emt 0:00:03]} Qxe2+ {[%emt 0:00:04]} 8. Bxe2 {[%emt 0:00:03]} Be7 {[%emt 0:00:02]} 9. Nc3 {[%emt 0:00:03]} h6 {[%emt 0:00:04]} 10. Bh4 {[%emt 0:00:06]} Be6 {[%emt 0:00:39]} 11. Nd4 {[%emt 0:00:49]} Nc6 {[%emt 0:00:01]} 12. Nxc6 {[%emt 0:03:07]} bxc6 {[%emt 0:00:02]} 13. Bf3 {[%emt 0:00:55]} Kd7 {[%emt 0:01:39]} 14. O-O-O {[%emt 0:00:28]} Rab8 {[%emt 0:00:35]} 15. Rhe1 {[%emt 0:01:27]} g5 {[%emt 0:03:53]} 16. Bg3 {[%emt 0:00:02]} Nd5 {[%emt 0:00:11]} 17. Ne2 {[%emt 0:02:46]} c5 {[%emt 0:07:41]} 18. c4 {[%emt 0:00:27]} Nb6 {[%emt 0:01:24]} 19. Bh5 {[%emt 0:01:53]} f5 {[%emt 0:00:53]} 20. f4 {[%emt 0:00:04]} Bf6 {[%emt 0:00:01]} 21. b3 {[%emt 0:00:04]} Rbf8 {[%emt 0:03:23]} 22. d4 {[%emt 0:00:33]} cxd4 {[%emt 0:00:01]} 23. Nxd4 {[%emt 0:00:01]} Bf7 {[%emt 0:00:51]} 24. Bxf7 {[%emt 0:02:26]} Rxf7 {[%emt 0:00:02]} 25. fxg5 {[%emt 0:02:08]} Bxg5+ {[%emt 0:01:39]} 26. Kc2 {[%emt 0:00:02]} Rg8 {[%emt 0:00:12]} 27. c5 {[%emt 0:01:03]} dxc5 {[%emt 0:00:31]} 28. Nxf5+ {[%emt 0:00:03]} Kc6 {[%emt 0:00:02]} 29. Re6+ {[%emt 0:00:35]} Kb7 {[%emt 0:00:09]} 30. Nxh6 {[%emt 0:00:02]} Bxh6 {[%emt 0:00:02]} 31. Rxh6 {[%emt 0:00:02]} c4 {[%emt 0:00:03]} 32. Rh5 {[%emt 0:01:38]} cxb3+ {[%emt 0:00:11]} 33. axb3 {[%emt 0:00:02]} c6 {[%emt 0:00:06]} 34. b4 {[%emt 0:00:39]} Nd5 {[%emt 0:00:05]} 35. Rd4 {[%emt 0:00:47]} Ne3+ {[%emt 0:00:01]} 36. Kd3 {[%emt 0:00:34]} Nf5 {[%emt 0:00:21]} 37. Rf4 {[%emt 0:01:24]} Rd7+ {[%emt 0:00:02]} 38. Kc4 {[%emt 0:00:06]} Nxg3 {[%emt 0:00:34]} 39. hxg3 {[%emt 0:00:01]} Rxg3 {[%emt 0:00:03]} 40. b5 {[%emt 0:00:14]} Rc7 {[%emt 0:00:39]} 41. Kb4 {[%emt 0:00:44]} c5+ {[%emt 0:00:14]} 42. Rxc5 {[%emt 0:00:11]} Rxc5 {[%emt 0:00:02]} 43. Kxc5 {[%emt 0:00:01]} Rg5+ {[%emt 0:00:01]} 44. Kb4 {[%emt 0:00:04]} Rxg2 {[%emt 0:00:01]} 1/2-1/2

[Event "Sachovy Festival 2019"]
[Site "Prague"]
[Date "2019.06.18"]
[Round "7.1"]
[White "Navara, David"]
[Black "Ding, Liren"]
[Result "1/2-1/2"]
[WhiteElo "2684"]
[BlackElo "2779"]
[Annotator "TA"]
[PlyCount "60"]
[EventDate "2019.06.17"]
[EventType "match"]
[EventCountry "CZE"]
[SourceTitle "playchess.com"]
[Source "ChessBase"]
[SourceQuality "1"]

{[%evp 19,60,15,2,0,22,37,23,24,31,24,35,33,20,27,38,39,34,18,22,16,14,6,12,0,0,0,0,0,0,0,0,0,0,0,0,-6,-6,-6,0,0,0,0,0]} 1. c4 e5 2. b3 Nc6 3. Bb2 g6 4. g3 Bg7 5. Bg2 Nge7 6. Nc3 O-O 7. e3 d6 8. Nge2 Be6 9. O-O d5 10. cxd5 Nxd5 11. Na4 {A25: English Opening vs King's Indian with ...Nc6 but without early d3} (11. a3 Nxc3 12. Bxc3 Bd5 13. e4 Be6 14. Qc2 Qd6 15. d3 Rfd8 16. Rfd1 a5 17. Qb2 Ra6 18. b4 axb4 19. axb4 Rxa1 20. Rxa1 Qxd3 {1-0 (63) Granda Zuniga,J (2636)-Mamedyarov,S (2733) San Sebastian 2012}) 11... Qe7 $146 ({Predecessor:} 11... b6 12. d4 exd4 13. Nxd4 Nxd4 14. Bxd4 c5 15. Bxg7 Kxg7 16. Qd2 Rc8 17. Rfd1 Nb4 18. a3 Qxd2 19. Rxd2 {½-½ (37) Eliet,N (2422)-Nataf,I (2545) France 2003}) 12. d4 exd4 13. Nxd4 {White has an edge.} Nxd4 14. Bxd4 Rfd8 15. Bxg7 Kxg7 16. Qd4+ Kg8 17. Nc5 c6 18. Nxe6 Qxe6 {The position is equal.} 19. Rfd1 Rd7 20. Qc5 b6 21. Qa3 a5 22. Qb2 Rad8 23. Rd2 b5 24. a3 b4 25. axb4 axb4 26. Bxd5 Rxd5 27. Rxd5 Qxd5 $11 {KQR-KQR} 28. Qf6 Qd6 29. Qxd6 Rxd6 30. Rc1 Rd3 {Accuracy: White = 80%, Black = 79%.} 1/2-1/2

[Event "Sachovy Festival 2019"]
[Site "Prague"]
[Date "2019.06.19"]
[Round "8.1"]
[White "Ding, Liren"]
[Black "Navara, David"]
[Result "1-0"]
[WhiteElo "2805"]
[BlackElo "2734"]
[Annotator "TA"]
[PlyCount "81"]
[EventDate "2019.06.17"]
[EventType "match"]
[EventCountry "CZE"]
[SourceTitle "playchess.com"]
[Source "ChessBase"]
[SourceQuality "1"]

{[%evp 14,81,17,17,20,17,13,12,12,18,18,10,40,44,78,46,61,43,76,25,68,69,63,43,117,112,113,72,88,60,54,0,0,0,0,0,25,20,70,71,71,44,226,198,179,162,238,242,281,235,464,464,723,216,730,714,728,714,692,635,633,633,671,675,674,672,29987,29988,29998,29999]} 1. d4 d5 2. c4 dxc4 3. e4 e5 4. Nf3 Bb4+ 5. Nc3 exd4 6. Qxd4 Qxd4 7. Nxd4 Nf6 8. f3 Bc5 {D20: Queen's Gambit Accepted: 3 e3 and 3 e4} 9. Be3 Nc6 10. Nc2 Bxe3 {The position is equal.} 11. Nxe3 Be6 12. Bxc4 Ke7 $146 ({Predecessor:} 12... Bxc4 13. Nxc4 O-O-O 14. Rd1 Nd7 15. Ke2 Nde5 16. Nxe5 Nxe5 {1-0 (50) Ju,W (2568)-Krush,I (2434) Khanty-Mansiysk 2018}) 13. O-O-O Rhd8 14. Bd5 $36 {[%mdl 2048] White is pushing.} Na5 15. b3 Rac8 16. g4 (16. b4 $16 Nc6 17. Bxc6 bxc6 18. Ne2) 16... c5 17. h4 b6 18. Kb2 Nxd5 (18... Kf8 $14) 19. exd5 $16 Bd7 20. h5 h6 21. g5 hxg5 22. h6 (22. Rdg1 $14) 22... Rh8 $11 23. hxg7 Rxh1 24. Rxh1 {[#] Threatens to win with Rh8.} Kf6 25. Rg1 Kg6 26. f4 f6 27. fxg5 f5 $2 ({Black should try} 27... fxg5 $14 28. Ne4 Kxg7) 28. Ng2 Kxg7 29. Nf4 Nb7 (29... Rh8 $142) 30. Nh5+ $18 Kg6 {[#]} 31. Nf6 $1 {aiming for Ne2.} Be8 $2 (31... Rd8 {was called for.} 32. Ne2 f4) 32. Ne2 Bf7 (32... f4 $142 33. Nxf4+ Kf5) 33. Nf4+ Kg7 34. Re1 Rh8 35. Re7 Rh2+ 36. Kc1 Nd6 37. Rd7 Rh1+ 38. Kd2 Nb5 39. N6h5+ Kg8 40. g6 Bxg6 41. Nf6+ {Accuracy: White = 76%, Black = 39%.} ({Stronger than} 41. Nxg6 Rxh5 42. Ke3 Rh7 $11) 1-0

[Event "Sachovy Festival 2019"]
[Site "Prague"]
[Date "2019.06.19"]
[Round "8.2"]
[White "Timman, Jan H"]
[Black "Nguyen, Thai Dai Van"]
[Result "0-1"]
[WhiteElo "2549"]
[BlackElo "2529"]
[Annotator "ChessBase"]
[PlyCount "128"]
[EventDate "2019.06.17"]
[EventType "match"]
[EventCountry "CZE"]
[SourceTitle "playchess.com"]
[Source "ChessBase"]
[SourceQuality "1"]
[TimeControl "1200+10"]

1. c4 {[%emt 0:00:00]} Nf6 {[%emt 0:00:00]} 2. g3 {[%emt 0:00:00]} e6 {[%emt 0:00:00]} 3. Nf3 {[%emt 0:00:05]} d5 {[%emt 0:00:03]} 4. b3 {[%emt 0:00:07]} Be7 {[%emt 0:00:10]} 5. Bb2 {[%emt 0:00:11]} O-O {[%emt 0:00:08]} 6. Bg2 {[%emt 0:00:03]} c5 {[%emt 0:00:18]} 7. O-O {[%emt 0:01:24]} Nc6 {[%emt 0:00:02]} 8. e3 {[%emt 0:01:06]} b6 {[%emt 0:00:15]} 9. Nc3 {[%emt 0:00:38]} Ba6 {[%emt 0:00:07]} 10. d3 {[%emt 0:00:10]} Rc8 {[%emt 0:00:59]} 11. Qe2 {[%emt 0:01:34]} Qc7 {[%emt 0:01:15]} 12. Nb5 {[%emt 0:00:56]} Qb8 {[%emt 0:00:32]} 13. e4 {[%emt 0:00:10]} dxe4 {[%emt 0:09:47]} 14. dxe4 {[%emt 0:00:02]} e5 {[%emt 0:00:01]} 15. Nc3 {[%emt 0:02:59]} Nd4 {[%emt 0:00:16]} 16. Qd1 {[%emt 0:00:12]} Rfd8 {[%emt 0:00:45]} 17. Nd5 {[%emt 0:00:08]} Nxd5 {[%emt 0:00:03]} 18. exd5 {[%emt 0:00:02]} b5 {[%emt 0:00:22]} 19. Re1 {[%emt 0:00:26]} Bf6 {[%emt 0:01:59]} 20. Bh3 {[%emt 0:00:53]} bxc4 {[%emt 0:03:13]} 21. Bxc8 {[%emt 0:00:04]} Rxc8 {[%emt 0:00:20]} 22. Nd2 {[%emt 0:01:22]} cxb3 {[%emt 0:00:09]} 23. axb3 {[%emt 0:00:02]} Bb7 {[%emt 0:00:29]} 24. Ne4 {[%emt 0:01:54]} Bxd5 {[%emt 0:00:02]} 25. Nxf6+ {[%emt 0:00:33]} gxf6 {[%emt 0:00:01]} 26. Bxd4 {[%emt 0:00:21]} cxd4 {[%emt 0:00:02]} 27. Qg4+ {[%emt 0:00:23]} Kh8 {[%emt 0:00:07]} 28. Qf5 {[%emt 0:00:12]} Kg7 {[%emt 0:00:15]} 29. Qg4+ {[%emt 0:00:02]} Kh8 {[%emt 0:00:01]} 30. Ra6 {[%emt 0:02:58]} Be6 {[%emt 0:00:16]} 31. Qf3 {[%emt 0:00:01]} Kg7 {[%emt 0:00:19]} 32. h4 {[%emt 0:00:17]} Rc3 {[%emt 0:01:20]} 33. Qe4 {[%emt 0:00:02]} Rxb3 {[%emt 0:00:20]} 34. h5 {[%emt 0:00:54]} Qb7 {[%emt 0:00:38]} 35. Qxb7 {[%emt 0:00:55]} Rxb7 {[%emt 0:00:01]} 36. f4 {[%emt 0:00:01]} exf4 {[%emt 0:00:30]} 37. gxf4 {[%emt 0:00:03]} d3 {[%emt 0:00:26]} 38. Kf2 {[%emt 0:00:18]} Rb5 {[%emt 0:00:29]} 39. Ke3 {[%emt 0:00:40]} Rxh5 {[%emt 0:00:02]} 40. Kxd3 {[%emt 0:00:16]} Rh3+ {[%emt 0:00:02]} 41. Kd4 {[%emt 0:00:09]} h5 {[%emt 0:00:09]} 42. Rxa7 {[%emt 0:00:10]} Kg6 {[%emt 0:00:02]} 43. Ra5 {[%emt 0:00:10]} Rg3 {[%emt 0:00:16]} 44. Ke4 {[%emt 0:00:33]} Bg4 {[%emt 0:00:06]} 45. Re3 {[%emt 0:00:33]} Rg1 {[%emt 0:00:15]} 46. Ra8 {[%emt 0:00:11]} Kg7 {[%emt 0:00:16]} 47. Rb3 {[%emt 0:00:15]} Re1+ {[%emt 0:00:06]} 48. Re3 {[%emt 0:00:05]} Rf1 {[%emt 0:00:06]} 49. Rg3 {[%emt 0:00:11]} f5+ {[%emt 0:00:13]} 50. Ke3 {[%emt 0:00:01]} h4 {[%emt 0:00:02]} 51. Rg2 {[%emt 0:00:01]} Rf3+ {[%emt 0:00:04]} 52. Kd2 {[%emt 0:00:04]} h3 {[%emt 0:00:04]} 53. Rh2 {[%emt 0:00:01]} Rxf4 {[%emt 0:00:02]} 54. Ra3 {[%emt 0:00:05]} Re4 {[%emt 0:00:16]} 55. Re3 {[%emt 0:00:04]} Kg6 {[%emt 0:00:02]} 56. Kd3 {[%emt 0:00:21]} Ra4 {[%emt 0:00:05]} 57. Re8 {[%emt 0:01:02]} Kg5 {[%emt 0:00:03]} 58. Ke3 {[%emt 0:00:10]} Ra3+ {[%emt 0:00:04]} 59. Kf2 {[%emt 0:00:02]} Kf4 {[%emt 0:00:24]} 60. Rb8 {[%emt 0:00:27]} Rf3+ {[%emt 0:00:06]} 61. Kg1 {[%emt 0:00:02]} Kg3 {[%emt 0:00:03]} 62. Rhb2 {[%emt 0:01:23]} f4 {[%emt 0:00:19]} 63. Rd2 {[%emt 0:00:53]} Re3 {[%emt 0:00:10]} 64. Rb1 {[%emt 0:00:03]} Be2 {[%emt 0:00:15]} 0-1

[Event "Sachovy Festival 2019"]
[Site "Prague"]
[Date "2019.06.19"]
[Round "9.1"]
[White "Navara, David"]
[Black "Ding, Liren"]
[Result "0-1"]
[WhiteElo "2734"]
[BlackElo "2805"]
[Annotator "TA"]
[PlyCount "78"]
[EventDate "2019.06.17"]
[EventType "match"]
[EventCountry "CZE"]
[SourceTitle "playchess.com"]
[Source "ChessBase"]
[SourceQuality "1"]

{[%evp 18,78,21,21,18,6,11,0,11,14,6,12,7,5,50,36,41,43,51,50,50,51,81,51,66,66,67,53,85,62,69,66,66,68,66,60,65,72,63,8,13,-231,-225,-291,-290,-330,-323,-549,-331,-618,-611,-4133,-3214,-1485,-1256,-29957,-29955,-12831,-11309,-5757,-5773,-29982,-29979]} 1. e4 e5 2. Nf3 Nc6 3. Bb5 Nf6 4. O-O Nxe4 5. Re1 Nd6 6. Nxe5 Be7 7. Bf1 Nxe5 8. Rxe5 O-O 9. d4 Bf6 10. Re1 Re8 {C67: Ruy Lopez: Berlin Defence: 4 0-0 Nxe4} 11. Rxe8+ Nxe8 12. d5 d6 {The position is equal.} 13. Nd2 c6 14. Nc4 cxd5 15. Qxd5 {[#]} Be7 $146 ({Predecessor:} 15... Qc7 16. Qd3 Be6 17. Ne3 Rd8 18. c4 {1-0 (46) Howell,D (2697)-McShane,L (2667) Germany 2019}) 16. Bf4 Nf6 17. Qd3 {[%cal Rc4d6]} d5 18. Ne3 Be6 19. Be5 Nd7 20. Bd4 Nc5 21. Qe2 Qc7 22. Rd1 Rd8 23. Qf3 Ne4 24. Bd3 Nc5 25. Bf5 Bf8 26. c3 Bxf5 27. Qxf5 Ne6 28. Nxd5 (28. Qg4 $14) 28... Qc4 $11 29. Bxa7 $2 (29. Be3 $11 {and White has nothing to worry.}) 29... Qa4 $40 {[%cal Ra4d1][%mdl 192] [#] Double Attack. Black wants a kill.} 30. Rd3 Qxa2 {( -> ...Qb1+)} ({Don't take} 30... Qxa7 31. a3 $19) 31. h4 Qxa7 32. Rg3 $2 (32. Kh2 {was necessary.}) 32... Kh8 {Threatens to win with ...Bd6.} 33. Qxf7 $2 (33. Rf3) 33... Rxd5 34. Qxe6 Rd1+ 35. Kh2 Qxf2 36. Qe4 h5 37. Rg6 Bd6+ 38. Rxd6 Rxd6 39. Qe8+ {[#]} Kh7 $1 {Accuracy: White = 29%, Black = 58%.} 0-1

[Event "Sachovy Festival 2019"]
[Site "Prague"]
[Date "2019.06.19"]
[Round "9.2"]
[White "Nguyen, Thai Dai Van"]
[Black "Timman, Jan H"]
[Result "1-0"]
[WhiteElo "2529"]
[BlackElo "2549"]
[Annotator "ChessBase"]
[PlyCount "71"]
[EventDate "2019.06.17"]
[EventType "match"]
[EventCountry "CZE"]
[SourceTitle "playchess.com"]
[Source "ChessBase"]
[SourceQuality "1"]
[TimeControl "1200+10"]

1. d4 {[%emt 0:00:00]} d6 {[%emt 0:00:03]} 2. e4 {[%emt 0:00:26]} Nf6 {[%emt 0:00:10]} 3. Nc3 {[%emt 0:00:02]} g6 {[%emt 0:00:02]} 4. Bg5 {[%emt 0:01:53]} Bg7 {[%emt 0:00:07]} 5. Qd2 {[%emt 0:00:02]} h6 {[%emt 0:00:10]} 6. Bf4 {[%emt 0:00:56]} g5 {[%emt 0:01:34]} 7. Bg3 {[%emt 0:00:01]} Nh5 {[%emt 0:00:02]} 8. O-O-O {[%emt 0:00:34]} c6 {[%emt 0:00:06]} 9. Be2 {[%emt 0:00:55]} Nxg3 {[%emt 0:00:04]} 10. hxg3 {[%emt 0:00:02]} b5 {[%emt 0:00:31]} 11. f4 {[%emt 0:01:21]} b4 {[%emt 0:00:44]} 12. Nb1 {[%emt 0:00:54]} gxf4 {[%emt 0:03:08]} 13. gxf4 {[%emt 0:00:02]} Qa5 {[%emt 0:00:02]} 14. a3 {[%emt 0:00:48]} Na6 {[%emt 0:00:29]} 15. Bxa6 {[%emt 0:01:29]} Qxa6 {[%emt 0:00:01]} 16. Qxb4 {[%emt 0:00:57]} c5 {[%emt 0:01:28]} 17. dxc5 {[%emt 0:00:18]} dxc5 {[%emt 0:00:02]} 18. Qd2 {[%emt 0:02:08]} O-O {[%emt 0:00:21]} 19. Nf3 {[%emt 0:00:47]} Rb8 {[%emt 0:00:32]} 20. e5 {[%emt 0:00:02]} Rb6 {[%emt 0:03:33]} 21. Qc3 {[%emt 0:00:25]} Be6 {[%emt 0:00:02]} 22. Rd2 {[%emt 0:02:47]} Rfb8 {[%emt 0:01:47]} 23. Rhd1 {[%emt 0:00:01]} Rxb2 {[%emt 0:00:28]} 24. Rd8+ {[%emt 0:01:38]} Bf8 {[%emt 0:01:06]} 25. Qxb2 {[%emt 0:01:11]} Rxb2 {[%emt 0:00:02]} 26. Kxb2 {[%emt 0:00:02]} Qb5+ {[%emt 0:00:41]} 27. Kc1 {[%emt 0:00:16]} Bf5 {[%emt 0:00:29]} 28. Nc3 {[%emt 0:00:44]} Qa5 {[%emt 0:01:05]} 29. Kb2 {[%emt 0:00:08]} Qb6+ {[%emt 0:01:54]} 30. Kc1 {[%emt 0:00:01]} Qa5 {[%emt 0:00:01]} 31. Kb2 {[%emt 0:00:01]} Qb6+ {[%emt 0:00:16]} 32. Kc1 {[%emt 0:00:01]} f6 {[%emt 0:00:01]} 33. Nd5 {[%emt 0:01:00]} Qe6 {[%emt 0:00:01]} 34. exf6 {[%emt 0:00:22]} exf6 {[%emt 0:00:12]} 35. Re1 {[%emt 0:00:04]} Be4 {[%emt 0:00:05]} 36. Rxe4 {[%emt 0:00:03]} 1-0

[Event "Sachovy Festival 2019"]
[Site "Prague"]
[Date "2019.06.19"]
[Round "10.1"]
[White "Ding, Liren"]
[Black "Navara, David"]
[Result "1-0"]
[WhiteElo "2805"]
[BlackElo "2734"]
[Annotator "TA"]
[PlyCount "107"]
[EventDate "2019.06.17"]
[EventType "match"]
[EventCountry "CZE"]
[SourceTitle "playchess.com"]
[Source "ChessBase"]
[SourceQuality "1"]

{[%evp 11,107,10,13,7,10,7,22,1,27,22,25,16,23,15,29,2,16,9,13,0,23,0,15,0,19,16,58,43,12,22,67,29,16,47,83,61,127,79,78,79,146,130,148,141,137,96,114,113,111,105,137,145,146,110,111,66,140,156,407,397,400,400,404,391,404,402,388,402,393,304,327,335,357,304,340,247,310,290,393,389,410,384,460,454,552,551,543,531,654,654,653,647,654,640,6087,6087,5522,5081]} 1. e4 c6 2. d4 d5 3. exd5 cxd5 4. Bd3 Nc6 5. c3 Nf6 6. h3 g6 7. Nf3 {B13: Caro-Kann: Exchange Variation and Panov-Botvinnik Attack} Bf5 8. Be2 Bg7 9. O-O {The position is equal.} O-O 10. Bf4 Ne4 11. Nbd2 f6 $146 ({Predecessor:} 11... Re8 12. Re1 h6 13. Bf1 g5 14. Bh2 Qd7 15. Nxe4 Bxe4 {1-0 (35) Caruana,F (2828)-Shankland,S (2725) chess.com INT 2019}) 12. Nxe4 Bxe4 13. Nd2 Bf5 $1 14. Bg3 e5 15. dxe5 fxe5 16. Re1 Kh8 17. Nf1 d4 18. Bf3 Rc8 19. Nd2 Qb6 20. Qb3 Qa6 21. Ne4 Na5 22. Qa3 dxc3 23. bxc3 {Black must now prevent Nd6.} Qb6 ({Better is} 23... Nc4 $1 $14 24. Qxa6 bxa6) 24. Rab1 {[%cal Ba1b1,Bb1b5,Bb5d5][%mdl 32]} Qc7 25. Rb5 b6 (25... Bxe4 $142 26. Bxe4 (26. Rxe4 Nc4 $11) 26... b6) 26. Nd6 $16 Qxc3 27. Qxc3 Rxc3 28. Nxf5 Rxf5 29. Rd5 $36 {[%mdl 2048] Strongly threatening Rd8+. White is in control.} (29. Bxe5 $6 Bxe5 30. Rbxe5 Rxe5 $11) (29. Rbxe5 $6 Bxe5 30. Bxe5+ {[#]} Rxe5 $1 $11 {[%mdl 512]}) 29... Rf8 30. Rd7 {And now Rxg7! would win.} (30. Bxe5 Bxe5 31. Rdxe5 Rc7 $14) 30... Rfc8 31. Rxa7 Nc6 32. Rb7 Nd4 33. Be4 ({Much weaker is} 33. Rxb6 $6 Rxf3 34. gxf3 Nxf3+ 35. Kf1 Nxe1 $11) ({Reject} 33. Bxe5 $6 Bxe5 34. Rxe5 Rxf3 $11) 33... Ra3 ({Black should try} 33... b5 $14) 34. Kh2 Rxa2 $2 {[#]} (34... Ra5 $16 35. Rd1 (35. Rxb6 Nf5 $16) 35... Rb5) 35. Rxg7 $1 $18 {[%mdl 576] Remove Defender, Decoy} Kxg7 36. Bxe5+ {[%mdl 64] Double Attack} Kf8 37. Bxd4 b5 38. f3 b4 39. Rb1 Ra4 40. Rb3 Rc4 41. Bb2 Ke7 42. Kg3 Kd6 43. Kf2 Kc5 44. Ke3 Ra7 45. Bd3 Re7+ 46. Kf2 Rf4 47. Bc1 {White is clearly winning.} Rc4 48. Bxc4 Kxc4 {[%mdl 4096] Endgame KRB-KR} 49. Re3 Ra7 50. Bd2 Ra2 51. Ke2 b3 52. Rc3+ Kb4 {intending ...b2.} 53. Rc2+ Ka3 54. Rxa2+ {Accuracy: White = 69%, Black = 31%.} 1-0